000 00421nam a2200181Ia 4500
003 IT-RoPAU
005 20220918175415.0
008 120407s9999 xx 000 0 und d
040 _aIT-RoPAU
040 _cIT-RoPAU
100 _aLuigi Luciano
_934369
245 _aNuovissimo vocabolario fraseologico Italiano-Latino
250 _aTorino
260 _aParavia
300 _c cm
490 _v1
942 _cBK
_2ddc
999 _c9481
_d9481